| 000 | 01382nam a22003494a 4500 | ||
|---|---|---|---|
| 001 | ebr10255962 | ||
| 003 | CaPaEBR | ||
| 006 | m u | ||
| 007 | cr cn||||||||| | ||
| 008 | 080328s2007 nju sb 000 0 eng | ||
| 010 | _z 2008272811 | ||
| 020 | _z9812771794 (pbk.) | ||
| 020 | _z9789812771797 (pbk.) | ||
| 040 |
_aCaPaEBR _cCaPaEBR |
||
| 035 | _a(OCoLC)646768998 | ||
| 050 | 1 | 4 |
_aTA165 _b.T368 2007eb |
| 082 | 0 | 4 |
_a681/.2 _222 |
| 245 | 0 | 0 |
_aTerahertz science and technology for military and security applications _h[electronic resource] / _ceditors, Dwight L. Woolard ... [et al.]. |
| 260 |
_aHackensack, NJ : _bWorld Scientific, _cc2007. |
||
| 300 | _aviii, 251 p. | ||
| 490 | 1 |
_aSelected topics in electronics and systems ; _vv. 46 |
|
| 504 | _aIncludes bibliographical references. | ||
| 533 |
_aElectronic reproduction. _bPalo Alto, Calif. : _cebrary, _d2013. _nAvailable via World Wide Web. _nAccess may be limited to ebrary affiliated libraries. |
||
| 650 | 0 | _aDetectors. | |
| 650 | 0 | _aTerahertz technology. | |
| 650 | 0 | _aSubmillimeter waves. | |
| 655 | 7 |
_aElectronic books. _2local |
|
| 700 | 1 | _aWoolard, Dwight L. | |
| 710 | 2 | _aebrary, Inc. | |
| 830 | 0 |
_aSelected topics in electronics and systems ; _vv. 46. |
|
| 856 | 4 | 0 |
_uhttp://site.ebrary.com/lib/rucke/Doc?id=10255962 _zAn electronic book accessible through the World Wide Web; click to view |
| 999 |
_c33314 _d33314 |
||